000 00288nam a22001217a 4500
008 170622b xxu||||| |||| 00| 0 eng d
041 _aeng
080 _a338
100 _a21
101 _aSHP
245 _aPOLITICS AND MARKETS THE WORLD POLITICAL
_cLINDBLOM.SH.E
942 _2udc
_cBK
999 _c18777
_d18777